000
00326nam a22001337a 4500
020
_a
8171005012
082
_a
001.42
_b
GUP/RE
100
_a
Santhosh Gupta
245
_a
Research Methodology and statistical techniques
250
_a
2010
260
_a
New Delhi
_b
Deep & Deep Publications
_c
2010
300
_a
509
942
_c
BK
999
_c
13621
_d
13621